Loading...
| Current Events | 1 | 30.00 | 400% | 200% | 200% |
| Fine Arts - Auditory | 5 | 10.00 | 80% | 120% | 40% |
| Fine Arts - Other | 3 | 20.00 | 133% | 133% | 200% |
| Fine Arts - Visual | 4 | 20.00 | 200% | 150% | 150% |
| History - American | 3 | 10.00 | 133% | 133% | 0% |
| History - European | 4 | 15.00 | 100% | 100% | 150% |
| History - Other | 6 | 13.33 | 133% | 100% | 100% |
| History - World | 4 | 17.50 | 300% | 150% | 50% |
| Literature - American | 4 | 12.50 | 200% | 0% | 150% |
| Literature - British | 3 | 16.67 | 400% | 67% | 67% |
| Literature - European | 4 | 17.50 | 300% | 200% | 0% |
| Literature - World | 6 | 16.67 | 200% | 67% | 167% |
| Mythology | 4 | 12.50 | 300% | 100% | 0% |
| Other Academic | 1 | 20.00 | 400% | 0% | 200% |
| Philosophy | 3 | 16.67 | 133% | 133% | 133% |
| Pop Culture | 3 | 20.00 | 133% | 200% | 133% |
| Religion | 4 | 12.50 | 400% | 50% | 0% |
| Science - Biology | 3 | 10.00 | 133% | 67% | 67% |
| Science - Chemistry | 5 | 18.00 | 240% | 120% | 120% |
| Science - Other | 5 | 14.00 | 320% | 80% | 40% |
| Science - Physics | 4 | 7.50 | 100% | 50% | 50% |
| Social Science | 3 | 10.00 | 133% | 67% | 67% |